000 00807cab a2200241 4500
001 ABS48667
008 090401t1993 xxu||||| |||| 00| 0 eng d
035 _a(Sirsi) u67911
041 _aeng
100 _aJones, E.
245 2 _aA real alternative? ADR appraised
260 _c1993
350 _a0
490 _aSolicitors` Journal
_v137(15) 23 April 1993, 378-379(2)
520 _aA general article on alternative dispute resolution (ADR), which looks at current thinking and likely changes for the 1990s.
650 _aALTERNATIVE DISPUTE RESOLUTION
650 _aCONCILIATION
650 _aDISPUTE RESOLUTION
_96236
690 _aMANAGEMENT-DISPUTE AVOIDANCE, MANAGEMENT AND RESOLUTION-DISPUTE MANAGEMENT AND RESOLUTION-ARBITRATION
690 _aLAW
942 _n0
948 _c04/03/1997
999 _c42556
_d42556